000 002230000a22000970004500
100 1 _aLeguineche, Manuel
245 1 0 _aSadam o muerte
300 _aVol. 72, Núm 72 (1994), Páginas 46-48
773 0 _tCambio 16
942 _cANA
999 _c58746
_d58746